| 000 | 02053nam a2200421 a 4500 | ||
|---|---|---|---|
| 001 | ebr10270860 | ||
| 003 | CaPaEBR | ||
| 006 | m u | ||
| 007 | cr cn||||||||| | ||
| 008 | 070710s2007 ne ab sb 001 0 eng | ||
| 010 | _z 2007027745 | ||
| 020 | _z9789004158139 (hardback : alk. paper) | ||
| 020 | _z9004158138 (hardback : alk. paper) | ||
| 040 |
_aCaPaEBR _cCaPaEBR |
||
| 035 | _a(OCoLC)303712654 | ||
| 043 | _aa-cc-sz | ||
| 050 | 1 | 4 |
_aDS793.D45 _bT43 2007eb |
| 082 | 0 | 4 |
_a305.9/06918095138 _222 |
| 100 | 1 | _aThargyal, Rinzin. | |
| 245 | 1 | 0 |
_aNomads of eastern Tibet _h[electronic resource] : _bsocial organization and economy of a pastoral estate in the kingdom of Dege / _cby Rinzin Thargyal ; edited by Toni Huber. |
| 260 |
_aLeiden ; _aBoston : _bBrill, _c2007. |
||
| 300 |
_axii, 222 p. : _bill., maps. |
||
| 490 | 1 |
_aBrill's Tibetan studies library, _x1568-6183 ; _vv. 15 |
|
| 504 | _aIncludes bibliographical references (p. [209]-215) and index. | ||
| 505 | 0 | _aIntroduction -- The genesis of Zilphukhog -- Labour service -- Animal husbandry -- Trade and peripheral incomes -- Strategic transhumance -- Household organization -- Marriage and kinship -- Birth and death -- The political environment -- Social organization. | |
| 533 |
_aElectronic reproduction. _bPalo Alto, Calif. : _cebrary, _d2013. _nAvailable via World Wide Web. _nAccess may be limited to ebrary affiliated libraries. |
||
| 650 | 0 |
_aNomads _zChina _zDege Xian _xSocial life and customs. |
|
| 650 | 0 |
_aNomads _zChina _zDege Xian _xEconomic conditions. |
|
| 650 | 0 |
_aHerding _zChina _zDege Xian. |
|
| 650 | 0 |
_aSocial structure _zChina _zDege Xian. |
|
| 651 | 0 |
_aDege Xian (China) _xSocial life and customs. |
|
| 651 | 0 |
_aDege Xian (China) _xEconomic conditions. |
|
| 655 | 7 |
_aElectronic books. _2local |
|
| 700 | 1 |
_aHuber, Toni, _d1956- |
|
| 710 | 2 | _aebrary, Inc. | |
| 830 | 0 |
_aBrill's Tibetan studies library ; _vv. 15. |
|
| 856 | 4 | 0 |
_uhttp://site.ebrary.com/lib/rucke/Doc?id=10270860 _zAn electronic book accessible through the World Wide Web; click to view |
| 999 |
_c7970 _d7970 |
||